000 00279nam a2200121 i 4500
001 bg
245 0 _aMateriały proszkowe w maszynach elektrycznych.
260 _aWrocław,
_c1976.
040 _cBPK
041 _apol
942 _cKS
008 s pl f |000 0 pol
999 _c16982
_d16982
856 _uhttp://koha.tu.koszalin.pl/cgi-bin/koha/opac-detail.pl?biblionumber=16982
_yKatalog online BPK